Elements of mathematics: commutative algebra chapter 1-7 (Record no. 169130)
[ view plain ]
| 000 -LEADER | |
|---|---|
| fixed length control field | 00617nam a2200217Ia 4500 |
| 003 - CONTROL NUMBER IDENTIFIER | |
| control field | OSt |
| 005 - DATE AND TIME OF LATEST TRANSACTION | |
| control field | 20230403163458.0 |
| 008 - FIXED-LENGTH DATA ELEMENTS--GENERAL INFORMATION | |
| fixed length control field | 210423s1989 xx 000 0 und d |
| 020 ## - INTERNATIONAL STANDARD BOOK NUMBER | |
| International Standard Book Number | 978-3-540-64239-8 |
| 040 ## - CATALOGING SOURCE | |
| Transcribing agency | AL |
| 041 ## - LANGUAGE CODE | |
| Language code of text/sound track or separate title | eng |
| 082 ## - DEWEY DECIMAL CLASSIFICATION NUMBER | |
| Classification number | 512.24 |
| Edition number | 23 |
| Item number | BOUE |
| 100 ## - MAIN ENTRY--PERSONAL NAME | |
| Personal name | BOURBAKI (Nicolas) |
| 9 (RLIN) | 82869 |
| 245 ## - TITLE STATEMENT | |
| Title | Elements of mathematics: commutative algebra chapter 1-7 |
| 260 ## - PUBLICATION, DISTRIBUTION, ETC. | |
| Place of publication, distribution, etc. | New York |
| Name of publisher, distributor, etc. | Springer Verlag |
| Date of publication, distribution, etc. | 1989 |
| 300 ## - PHYSICAL DESCRIPTION | |
| Extent | xxiv,625 |
| Other physical details | PB |
| 365 ## - TRADE PRICE | |
| Price amount | 4150.85 |
| Currency code | EUR |
| 650 ## - SUBJECT ADDED ENTRY--TOPICAL TERM | |
| Topical term or geographic name entry element | Algebra |
| 9 (RLIN) | 82870 |
| 906 ## - LOCAL DATA ELEMENT F, LDF (RLIN) | |
| a | 1-7 ; algebra ; chapter ; commutative ; Elements ; mathematics |
| 942 ## - ADDED ENTRY ELEMENTS (KOHA) | |
| Source of classification or shelving scheme | Dewey Decimal Classification |
| Koha item type | Book |
| Withdrawn status | Lost status | Damaged status | Not for loan | Collection code | Home library | Current library | Date acquired | Source of acquisition | Cost, normal purchase price | Total Checkouts | Full call number | Barcode | Date last seen | Date last checked out | Price effective from | Koha item type |
|---|---|---|---|---|---|---|---|---|---|---|---|---|---|---|---|---|
| Mathematics | St Aloysius PG Library | St Aloysius PG Library | 05/07/2018 | Biblios Book Point | 4150.85 | 1 | 512.24 BOUE | PG015632 | 07/11/2025 | 07/08/2025 | 04/26/2021 | Book |